Antropología y filosofía: ensayos programáticos
Saved in:
| Hovedforfatter: | |
|---|---|
| Format: | Bog |
| Sprog: | spansk |
| Udgivet: |
Pamplona
Verbo Divino
1995
|
| Fag: | |
| Tags: |
Tilføj Tag
Ingen Tags, Vær først til at tagge denne postø!
|
MARC
| LEADER | 00000nam a2200000 a 4500 | ||
|---|---|---|---|
| 001 | UCZ6654 | ||
| 003 | CL-VaPUC | ||
| 005 | 20250123110328.0 | ||
| 008 | 951214e19950000SP |||||||||||||||||spa|d | ||
| 999 | |c 242846 |d 242844 | ||
| 040 | |c Pontificia Universidad Católica de Valparaíso | ||
| 082 | 0 | 4 | |a 128 |b SAN |2 21 |
| 100 | 0 | |a San Martín, Javier |e author |9 351081 | |
| 245 | 1 | 0 | |a Antropología y filosofía: ensayos programáticos |
| 260 | |a Pamplona |b Verbo Divino |c 1995 | ||
| 300 | |a 348 p | ||
| 583 | |a last modification |c 20130401 10:52:17 |k Rodrigo Vera | ||
| 650 | 7 | |a CIENCIAS HUMANAS |2 CL-VaPUC |9 351082 | |
| 650 | 0 | |a Antropología |9 233030 | |
| 650 | 0 | |a Antropología cultural y social |9 265143 | |
| 650 | 0 | |a Filosofía |9 223554 | |
| 650 | 0 | |a Psicología |9 257863 | |
| 650 | 0 | |a Moral |9 265913 | |
| 650 | 7 | |a HOMBRE |2 CL-VaPUC |9 262149 | |
| 942 | |c BK |2 ddc | ||
| 945 | |d 19951214 00:00:00 |a rleighto | ||
| 952 | |0 0 |1 0 |4 0 |6 128_000000000000000_SAN_1995 |7 0 |8 A |9 256095 |a BIBEDU |b BIBEDU |d 2019-11-19 |i 3161242 |l 2 |o 128 SAN 1995 |p 3161242 |r 2024-09-09 |s 2024-09-02 |w 2019-11-19 |y BK |k EDU | ||
| 952 | |0 0 |1 0 |2 ddc |4 0 |6 128_000000000000000_SAN_1995 |7 0 |8 A |9 599809 |a BIBTEO |b BIBTEO |c GEN |d 2025-01-23 |i 5607868 |o 128 SAN 1995 |p 5607868 |r 2025-01-23 |t 2 |w 2025-01-23 |y BK |k ICR | ||